[Event "IRQ-ch"]
[Site "Baghdad"]
[Date "2022.08.28"]
[Round "8"]
[White "Moman, Dhyee Khalel"]
[Black "Ali, Basem Mouhsin"]
[Result "0-1"]
[WhiteElo "1922"]
[BlackElo "1721"]
[PlyCount "84"]
[EventDate "2022.08.24"]
[EventType "swiss"]
[EventRounds "9"]
[EventCountry "IRQ"]
[SourceTitle "CBM 210 Extra"]
[Source "ChessBase"]
[SourceDate "2022.11.30"]
[SourceVersion "1"]
[SourceVersionDate "2022.11.30"]
[SourceQuality "1"]

1. e4 e5 2. Nc3 Nf6 3. d4 exd4 4. Qxd4 Nc6 5. Qd3 Be7 6. Bf4 d6 7. 0-0-0 0-0 8. f3 a6 9. g4 b5 10. h4 Be6 11. Kb1 Nb4 12. Qd2 c5 13. a3 Nc6 14. Bxd6 b4 15. axb4 Nxb4 16. Nge2 Bxd6 17. Qxd6 Qa5 18. Bh3 Rad8 19. Qh2 Ba2+ 20. Kc1 Be6 21. Kb1 Ba2+ 22. Kc1 Be6 23. Kb1 Rb8 24. Nc1 Nc6 25. N3a2 Qa3 26. c3 Nd7 27. Nb4 Qa4 28. Nxc6 Qxc6 29. g5 Bxh3 30. Qxh3 Ne5 31. Rh2 Qa4 32. Rd5 Nc4 33. Qd7 Nxb2 34. Qxa4 Nxa4+ 35. Ka2 Nxc3+ 36. Ka3 Nxd5 37. exd5 Rb1 38. Rc2 Rfb8 39. Rxc5 R1b5 40. Rxb5 Rxb5 41. Na2 Rxd5 42. Nb4 Rf5 0-1